000 00531nam a22001817a 4500
003 CEME
005 20210628201635.0
008 210212b xxu||||| |||| 00| 0 eng d
020 _a0-13-621277-8
040 _c.
082 _a621.382 BLA
100 _aBlack, Uyless
_956124
245 _aSecond generation mobile and wireless networks
260 _aNEW JERSEY
_bPRENTICE HALL
_c1999
300 _aXVII,365P
650 _aMOBILE AND WIRELESS NETWORKS WIRELESS NETWORKS WIRELESS COMMUNICATION SYSTEMS
_956125
942 _cBK
_2ddc
999 _c566643
_d566643